[Event "Budapest Karacsonyi op 10th"]
[Site "Budapest"]
[Date "2018.12.28"]
[Round "3"]
[White "Varga, Attila"]
[Black "Szabo, A Martin"]
[Result "0-1"]
[WhiteElo "1828"]
[BlackElo "1950"]
[PlyCount "38"]
[EventDate "2018.12.27"]
[EventType "swiss"]
[EventRounds "7"]
[EventCountry "HUN"]
[SourceTitle "CBM 188 Extra"]
[Source "ChessBase"]
[SourceDate "2019.02.26"]
[SourceVersion "1"]
[SourceVersionDate "2019.02.26"]
[SourceQuality "1"]

1. e4 d5 2. exd5 Nf6 3. Nf3 Qxd5 4. Nc3 Qa5 5. Be2 Bf5 6. Nd4 Bg6 7. Bf3 c6 8. 0-0 Nbd7 9. Nb3 Qc7 10. d4 e6 11. Ne2 Bd6 12. g3 e5 13. dxe5 Nxe5 14. Nf4 0-0-0 15. Nxg6 hxg6 16. Be2 Qd7 17. h4 Qh3 18. Qd4 Neg4 19. Bxg4+ Nxg4 0-1

[Event "HUN-chT2 Erkel 1516"]
[Site "Hungary"]
[Date "2015.12.06"]
[Round "6.10"]
[White "Bujdoso, Bela"]
[Black "Varga, Attila"]
[Result "1/2-1/2"]
[WhiteElo "1907"]
[BlackElo "2104"]
[PlyCount "74"]
[EventDate "2015.09.13"]
[EventType "team-tourn"]
[EventRounds "11"]
[EventCountry "HUN"]
[SourceTitle "CBM 170 Extra"]
[Source "ChessBase"]
[SourceDate "2016.02.25"]
[SourceVersion "1"]
[SourceVersionDate "2016.02.25"]
[SourceQuality "1"]
[WhiteTeam "Jaszbereny"]
[BlackTeam "Barcza BEAC"]
[WhiteTeamCountry "HUN"]
[BlackTeamCountry "HUN"]

1. e4 e6 2. d4 d5 3. Nc3 Nf6 4. Bg5 Be7 5. e5 Nfd7 6. Bxe7 Qxe7 7. f4 a6 8. Nf3 c5 9. Qd2 Nc6 10. dxc5 Qxc5 11. 0-0-0 Qa5 12. Kb1 Nb6 13. Nd4 Na4 14. Nxa4 Qxa4 15. Nxc6 bxc6 16. Bd3 c5 17. c4 d4 18. Rhf1 Rb8 19. g4 a5 20. f5 Qb4 21. Qxb4 Rxb4 22. a3 Rb6 23. Ka1 h5 24. g5 exf5 25. Bxf5 Bxf5 26. Rxf5 g6 27. Rf6 Rxf6 28. exf6 Kd7 29. b4 axb4 30. axb4 Ra8+ 31. Kb2 Ra4 32. bxc5 Rxc4 33. Kb3 Rxc5 34. Rxd4+ Ke6 35. h4 Re5 36. Kc4 Re3 37. Kc5 Rc3+ 1/2-1/2

[Event "HUN-chT2 Erkel 1516"]
[Site "Hungary"]
[Date "2015.10.18"]
[Round "3.9"]
[White "Czumbel, Peter"]
[Black "Varga, Attila"]
[Result "0-1"]
[WhiteElo "1845"]
[BlackElo "2104"]
[PlyCount "60"]
[EventDate "2015.09.13"]
[EventType "team-tourn"]
[EventRounds "11"]
[EventCountry "HUN"]
[SourceTitle "CBM 170 Extra"]
[Source "ChessBase"]
[SourceDate "2016.02.25"]
[SourceVersion "1"]
[SourceVersionDate "2016.02.25"]
[SourceQuality "1"]
[WhiteTeam "Budapest MTK II"]
[BlackTeam "Barcza BEAC"]
[WhiteTeamCountry "HUN"]
[BlackTeamCountry "HUN"]

1. Nf3 d5 2. g3 b6 3. Bg2 Bb7 4. 0-0 Nf6 5. d3 e6 6. Nbd2 Be7 7. Re1 0-0 8. c3 c5 9. Qc2 Nc6 10. e4 Rc8 11. Nf1 Qc7 12. Bf4 e5 13. Bg5 d4 14. c4 h6 15. Bd2 a6 16. Nh4 Rfe8 17. Nf5 Bf8 18. h3 Ne7 19. g4 Nxf5 20. gxf5 g6 21. h4 gxf5 22. Bh3 fxe4 23. Bxc8 exd3 24. Qxd3 Qxc8 25. Qg3+ Kh8 26. Rxe5 Qc6 27. f3 Rxe5 28. Qxe5 Qxf3 29. Qg3 Qh1+ 30. Kf2 Ne4+ 0-1

[Event "Budapest Karacsonyi op 6th"]
[Site "Budapest"]
[Date "2014.12.30"]
[Round "6"]
[White "Varga, Attila"]
[Black "Reszler, J Robert"]
[Result "1/2-1/2"]
[WhiteElo "1865"]
[BlackElo "2024"]
[PlyCount "47"]
[EventDate "2014.12.27"]
[EventType "swiss"]
[EventRounds "7"]
[EventCountry "HUN"]
[SourceTitle "EXT 2020"]
[Source "ChessBase"]
[SourceDate "2019.10.17"]
[SourceVersion "1"]
[SourceVersionDate "2019.10.17"]
[SourceQuality "1"]

1. e4 e6 2. d4 d5 3. exd5 exd5 4. c4 Nf6 5. Nc3 Be7 6. Nf3 0-0 7. cxd5 Nxd5 8. Be2 Bg4 9. 0-0 c6 10. Re1 Bf6 11. Qb3 Qb6 12. Nxd5 cxd5 13. Qxd5 Nc6 14. Be3 Rad8 15. Qb5 Qxb5 16. Bxb5 Bxf3 17. gxf3 Nxd4 18. Bxd4 Rxd4 19. Bf1 Rd2 20. Re2 Rfd8 21. Rae1 g6 22. b3 a6 23. Rxd2 Rxd2 24. Re2 1/2-1/2

[Event "Budapest Karacsonyi op 6th"]
[Site "Budapest"]
[Date "2014.12.27"]
[Round "1"]
[White "Szalanczy, Emil"]
[Black "Varga, Attila"]
[Result "0-1"]
[WhiteElo "2234"]
[BlackElo "1865"]
[PlyCount "23"]
[EventDate "2014.12.27"]
[EventType "swiss"]
[EventRounds "7"]
[EventCountry "HUN"]
[SourceTitle "EXT 2020"]
[Source "ChessBase"]
[SourceDate "2019.10.17"]
[SourceVersion "1"]
[SourceVersionDate "2019.10.17"]
[SourceQuality "1"]

1. e4 c5 2. Nf3 Nc6 3. d4 cxd4 4. Nxd4 e5 5. Nb5 d6 6. N1c3 a6 7. Na3 b5 8. Nd5 Nf6 9. Bg5 Be7 10. Bxf6 Bxf6 11. c4 bxc4 12. Bxc4 0-1

[Event "Budapest Karacsonyi op 5th"]
[Site "Budapest"]
[Date "2013.12.28"]
[Round "3"]
[White "Eros, Janos"]
[Black "Varga, Attila"]
[Result "0-1"]
[WhiteElo "1411"]
[BlackElo "1855"]
[PlyCount "58"]
[EventDate "2013.12.27"]
[EventType "swiss"]
[EventRounds "7"]
[EventCountry "HUN"]
[SourceTitle "CBM 158 Extra"]
[Source "ChessBase"]
[SourceDate "2014.02.28"]
[SourceVersion "1"]
[SourceVersionDate "2014.02.28"]
[SourceQuality "1"]

1. e4 c5 2. Nf3 Nc6 3. d4 cxd4 4. Nxd4 Nf6 5. Nc3 d6 6. Bg5 e5 7. Ndb5 a6 8. Na3 b5 9. Bxf6 gxf6 10. Nd5 f5 11. exf5 Bxf5 12. c4 bxc4 13. Qa4 Bd7 14. Bxc4 Nd4 15. Qd1 Rb8 16. b3 Qa5+ 17. Qd2 Qxa3 18. 0-0 Ne6 19. Nf6+ Kd8 20. Rfd1 Be7 21. Ne4 Nd4 22. Bxf7 Rf8 23. Bh5 Rc8 24. Ng5 Rc2 25. Qe3 Rfxf2 26. Nf7+ Kc7 27. Rac1 Rxg2+ 28. Kf1 Bb5+ 29. Ke1 Bh4+ 0-1

[Event "Budapest Spring op 29th"]
[Site "Budapest"]
[Date "2013.03.23"]
[Round "6"]
[White "Piroska, Istvan"]
[Black "Varga, Attila"]
[Result "1-0"]
[WhiteElo "2082"]
[BlackElo "1758"]
[PlyCount "87"]
[EventDate "2013.03.18"]
[EventType "swiss"]
[EventRounds "9"]
[EventCountry "HUN"]
[SourceTitle "CBM 153 Extra"]
[Source "ChessBase"]
[SourceDate "2013.04.22"]
[SourceVersion "1"]
[SourceVersionDate "2013.04.22"]
[SourceQuality "1"]

1. e4 e6 2. d4 Nf6 3. Nc3 d5 4. Bg5 Be7 5. e5 Nfd7 6. Bxe7 Qxe7 7. f4 a6 8. Nf3 c5 9. dxc5 Qxc5 10. Qd2 Nc6 11. Bd3 b5 12. 0-0-0 Nb6 13. Rhe1 Qb4 14. Kb1 Nc4 15. Bxc4 bxc4 16. Ka1 Rb8 17. Rb1 g6 18. Red1 Qa5 19. a3 Qc5 20. g4 h5 21. h3 Kd8 22. Ne4 Qa5 23. Qxa5+ Nxa5 24. Nd6 Ke7 25. Ng5 f6 26. exf6+ Kxf6 27. Ndf7 Rf8 28. Ne5 Rb6 29. Nh7+ Kg7 30. Nxf8 Kxf8 31. Nxg6+ Kg7 32. Ne5 Nc6 33. Nxc6 Rxc6 34. Re1 Rc7 35. Re5 hxg4 36. hxg4 Rf7 37. Rf1 Kf6 38. Rg5 Ke7 39. Rg8 Bd7 40. g5 e5 41. g6 Rf6 42. Rg7+ Kd8 43. Rg1 exf4 44. Rxd7+ 1-0

[Event "Budapest Spring op 29th"]
[Site "Budapest"]
[Date "2013.03.21"]
[Round "4"]
[White "Dlauchy, Peter"]
[Black "Varga, Attila"]
[Result "0-1"]
[WhiteElo "1832"]
[BlackElo "1758"]
[PlyCount "78"]
[EventDate "2013.03.18"]
[EventType "swiss"]
[EventRounds "9"]
[EventCountry "HUN"]
[SourceTitle "CBM 153 Extra"]
[Source "ChessBase"]
[SourceDate "2013.04.22"]
[SourceVersion "1"]
[SourceVersionDate "2013.04.22"]
[SourceQuality "1"]

1. e4 e6 2. d4 d5 3. e5 c5 4. c3 Nc6 5. Nf3 Nge7 6. Bd3 cxd4 7. cxd4 Bd7 8. 0-0 Qb6 9. Bc2 g6 10. Nc3 Nf5 11. Na4 Qc7 12. a3 Na5 13. Nc3 Bg7 14. Bd3 a6 15. Ne2 Qb6 16. Bd2 Nb3 17. Rb1 Nbxd4 18. Nexd4 Nxd4 19. Nxd4 Qxd4 20. Bc3 Qb6 21. Re1 0-0 22. Qe2 Rac8 23. h4 Bb5 24. Rbd1 Bxd3 25. Rxd3 Rc4 26. g3 Re4 27. Qd2 Rxe1+ 28. Qxe1 Rc8 29. Bd4 Qb5 30. Rc3 Rxc3 31. Qxc3 Qc4 32. Qe3 Qc7 33. Kg2 b5 34. Kh3 h5 35. f4 Bf8 36. Kg2 Qc2+ 37. Kh3 Be7 38. Bc3 Qd1 39. Qa7 Qh1# 0-1

[Event "HUN-chT2 Breyer 1213"]
[Site "Hungary"]
[Date "2012.12.02"]
[Round "5.11"]
[White "Varga, Attila"]
[Black "Nyeki, Bence"]
[Result "0-1"]
[WhiteElo "1497"]
[BlackElo "1800"]
[PlyCount "96"]
[EventDate "2012.09.16"]
[EventType "team-tourn"]
[EventRounds "11"]
[EventCountry "HUN"]
[SourceTitle "EXT 2014"]
[Source "ChessBase"]
[SourceDate "2013.11.20"]
[SourceVersion "1"]
[SourceVersionDate "2013.11.20"]
[SourceQuality "1"]
[WhiteTeam "Turul"]
[BlackTeam "Gyor Komszomol"]
[WhiteTeamCountry "HUN"]
[BlackTeamCountry "HUN"]

1. e4 c6 2. Nf3 d5 3. exd5 cxd5 4. d4 Nc6 5. h3 Bf5 6. Bb5 e6 7. Ne5 Qc7 8. Bf4 Bd6 9. Qd2 a6 10. Bxc6+ bxc6 11. Bh2 c5 12. c3 Nf6 13. Qe3 cxd4 14. Qxd4 0-0 15. Nd2 Ne4 16. Nef3 Rab8 17. Bxd6 Nxd6 18. b3 Nb5 19. Qe3 Qxc3 20. 0-0 Qxe3 21. fxe3 Rfc8 22. Rfe1 Nc3 23. Nd4 Be4 24. N2f3 Bxf3 25. gxf3 g6 26. Ne2 Kf8 27. Kf2 Nxe2 28. Rxe2 Ke7 29. Rd1 Rb4 30. Rb1 Rc3 31. Rd1 f5 32. f4 Re4 33. h4 Kd6 34. h5 gxh5 35. Rh1 d4 36. exd4 Rxf4+ 37. Kg2 Rxd4 38. Rxh5 Rc7 39. Rh6 Re7 40. Kf3 Kd5 41. Reh2 a5 42. Rxh7 Rxh7 43. Rxh7 a4 44. Ke3 f4+ 45. Kf3 axb3 46. Rd7+ Ke5 47. Rxd4 Kxd4 48. axb3 e5 0-1

[Event "HUN-chT2 Breyer 1112"]
[Site "Hungary"]
[Date "2012.03.11"]
[Round "7.11"]
[White "Varga, Attila"]
[Black "Orosz, Andras"]
[Result "0-1"]
[WhiteElo "1526"]
[BlackElo "1719"]
[PlyCount "80"]
[EventDate "2011.09.25"]
[EventType "team-tourn"]
[EventRounds "11"]
[EventCountry "HUN"]
[SourceTitle "EXT 2013"]
[Source "ChessBase"]
[SourceDate "2012.11.22"]
[SourceVersion "1"]
[SourceVersionDate "2012.11.22"]
[SourceQuality "1"]
[WhiteTeam "Turul"]
[BlackTeam "Gyor Komszomol"]
[WhiteTeamCountry "HUN"]
[BlackTeamCountry "HUN"]

1. e4 c5 2. Nc3 Nc6 3. Nf3 g6 4. Bc4 Bg7 5. d3 e6 6. Bf4 d6 7. Nb5 e5 8. Ng5 Nh6 9. Be3 0-0 10. Qd2 Ng4 11. h3 Nxe3 12. Qxe3 a6 13. Nc3 Nd4 14. Rc1 Ne6 15. Bxe6 fxe6 16. Nf3 b5 17. 0-0 Bb7 18. Rcd1 Qf6 19. Qg5 Qxg5 20. Nxg5 Rf6 21. Ne2 Raf8 22. c3 Bh6 23. h4 Bxg5 24. hxg5 R6f7 25. f3 Rc7 26. Rd2 Kf7 27. d4 exd4 28. cxd4 c4 29. Rc1 Rfc8 30. Rdc2 b4 31. b3 d5 32. e5 a5 33. Nf4 Ba6 34. Nd3 Bb5 35. Nc5 c3 36. Ra1 Rxc5 37. dxc5 d4 38. Rf2 Rxc5 39. Rc1 Rxe5 40. Kh2 Rxg5 0-1